000 00437nam a22001697a 4500
003 NUST - PNEC
005 20170116180829.0
008 150729b xxu||||| |||| 00| 0 eng d
020 _a0071156496
040 _cLIBRARY
082 _a519.2 AUN
100 _94528
_aAunon, Jorge
245 _aIntroduction to probability and random processes
_cJorge Aunon
260 _cc.1998
650 _94529
_aProbabilities
_xMIS
942 _2ddc
_cBK
999 _c63971
_d63971